LEADER 01514nam a2200301 a 4500 001 000000121240 003 CaOOAMICUS 005 20100416104453.0 008 100416t2009 it u100 u ita r 020 $a978-88-6244-075-2 040 $aPUL$bita$dReb 082 04$a262.9 100 1 $aLima, Bruno.$0(OLS)http://pul/name/75912 245 13$aIl Munus Docendi della Chiesa nei suoi fondamenti giuridico-teologici :$bcommentario al Libro III del Codice di Diritto Canonico /$cBruno Lima ; prefazione del Cardinale Dario Castrillon Hoyos. 260 $aPian di Porto (Todi) :$bTau Editrice,$cİ2009. 300 $axii, 202 p. ;$c23 cm 490 1 $aFedelmente ;$v11 504 $aInclude riferimenti bibliografici ed indice. 650 4$aDiritto canonico$xCommenti.$0(OLS)http://pul/subject/3528 700 1 $aCastrillon Hoyos, Dario,$ccard.$0(OLS)http://pul/name/73289 830 0$aFedelmente ;$v11.$0(OLS)http://pul/title/141327 850 $aPUL 852 $aPUL$W1$xSL Diritto Canonico 3$y77$m262. 9 LIMBR 1$j139023$qDDC 21$q $B138261$CPULBib$Z2$F138261 $H113310 $81 941 1 $a9 996 $6020$a978-88-6244-075-2$9(OLS)http://pul/number/143878 996 $6082$a262.9$9(OLS)http://pul/classification/369 996 $6245$aIl Munus Docendi della Chiesa nei suoi fondamenti giuridico-teologici :$bcommentario al Libro III del Codice di Diritto Canonico$9(OLS)http://pul/title/152480 996 $6260$aPian di Porto (Todi) :$bTau Editrice$9(OLS)http://pul/publisher/79947 LEADER 01890nam a2200409 a 4500 001 000000173086 003 CaOOAMICUS 005 20200125104323.0 008 200125s2019 it u000 u ita r 020 $a978-88-10-41245-9* 032 $aLibriCat 040 $aPUL$bita 041 1 $aeng/ita 082 04$a230 100 1 $aWhelan, Gerard.$0(OLS)http://pul/name/90836 240 12$aA discerning Church :$bpope Francis, Lonergan, and theological method for the future.$dItaliano.$0(OLS)http://pul/title/214136 245 14$aUna Chiesa che discerne :$bpapa Francesco, Lonergan e un metodo teologico per il futuro / $cGerard Whelan. 260 $aBologna :$bEDB,$cİ2019. 300 $a251 p.;$c22 cm 490 1 $aNuovi saggi teologici ;$v133 500 $aInclude indice. 500 $aTraduzione dall'inglese Fabrizio Iodice. 504 $aBibliografia in nota. 600 14$aLonergan, Bernard Joseph Francis,$cS.I.,$d1904-1984$xCritica e interpretazione.$0(OLS)http://pul/subject/27742 600 04$aFranciscus PP.,$d1936-2025$xTeologia.$0(OLS)http://pul/subject/44202 650 4$aEcclesiologia$ySec. XXI.$0(OLS)http://pul/subject/27594 700 1 $aIodice, Fabrizio,$d1961-$0(OLS)http://pul/name/74842 830 0$aNuovi saggi teologici ;$v133.$0(OLS)http://pul/title/131917 850 $aPUL 852 $aPUL$W1$xSL Religione 3$y85$m230 COLL 5.1.133$j197056$qDDC 21$B201844$CPULBib$Z2$F201844 $H173086 $82 941 1 $a9 983 0$aCollana Nuovi saggi teologici. 996 $6020$a978-88-10-41245-9*$9(OLS)http://pul/number/167062 996 $6082$a230$9(OLS)http://pul/classification/368 996 $6245$aUna Chiesa che discerne :$bpapa Francesco, Lonergan e un metodo teologico per il futuro / $9(OLS)http://pul/title/214135 996 $6260$aBologna :$bEDB$9(OLS)http://pul/publisher/56073